Diaspora-Australia - Statistics

General Stats
  • This quiz has been taken 148 times
  • The average score is 20 of 26
Answer Stats
Number of immigrants Continent Country % Correct
135.000 Europe United Kingdom
99%
93.000 North America United States of America
99%
5.500 Europe France
96%
15.000 Europe Germany
96%
70.000 Oceania New Zealand
96%
35.000 North America Canada
95%
15.000 Asia China
93%
30.000 Europe Italy
91%
11.000 Asia Japan
91%
10.000 Europe Ireland
88%
12.000 Asia/ Europe Turkey
85%
20.000 Asia Thailand
84%
12.000 Asia Indonesia
83%
22.000 Asia Vietnam
82%
15.000 Europe the Netherlands
81%
20.000 Asia Singapore
79%
8.000 Africa South Africa
71%
7.000 Asia Taiwan
71%
15.000 Oceania Papua New Guinea
67%
16.000 Asia United Arab Emirates
65%
100.000 Europe Greece
63%
6.000 Asia the Philippines
63%
5.000 Europe Switzerland
59%
7.000 Asia Israel
57%
5.000 Asia Saudi Arabia
56%
20.000-25.000 Asia Lebanon
39%
No matching quizzes found
Score Distribution
Percent of People with Each Score
Percentile by Number Answered
Your Score History
You have not taken this quiz